| 000 | 00793naa a2200217 4500 | ||
|---|---|---|---|
| 005 | 20090513122547.0 | ||
| 008 | 090513t xxu||||| |||| 00| 0 eng d | ||
| 010 | _aENG-93499 | ||
| 020 |
_a9788131305188 _c1295.00 |
||
| 035 | _aEN-77032 | ||
| 037 | _bDBAD / PUB | ||
| 040 |
_adpl _bEnglish |
||
| 082 | _a001.422 | ||
| 100 | _aSoni, R.K. | ||
| 245 |
_aA textbook of statistics / _cby R.K. Soni |
||
| 260 |
_aNew Delhi _bA.P.H. Publishing _c2009 |
||
| 270 |
_a4435-36/7, Ansari Road, Darya Ganj _bNew Delhi _e110002 |
||
| 300 |
_ax, 421p. _c23cm(Hb) |
||
| 942 |
_adpl _cEN _2ddc _mSON _h001.422 |
||
| 999 |
_c26310 _d26310 |
||